000
00318nam a22001337a 4500
008
171123b xxu||||| |||| 00| 0 eng d
020
_a
0309048842
041
_a
eng
080
_a
612.39
100
_a
10
101
_a
NUT
245
_a
OPPORTUNITIES IN THE NUTRITION AND FOOD SCIENCES
_c
THOMAS.P.R
942
_2
udc
_c
BK
999
_c
38360
_d
38360